000 00311nam a22001457a 4500
008 221114b ||||| |||| 00| 0 eng d
020 _a0273010409
041 _aeng
080 _a721
082 _a721 DOD
100 _a20.2
101 _aGEO
245 _aTENSOR GEOMETRY
_cDODSON C T J
942 _2udc
_cBK
999 _c58878
_d58878